00266nam a2200097Ia 4500008004100000020001400041100001500055245003600070260004400106300001800150180323s9999 xx 000 0 und d a631158332 aFrith, Uta aAutism :bExplaining the enigma aGreat Britainb1989cBilling & Sons ltd aix, 200 pages